| 000 | 00499nam a22001697a 4500 | ||
|---|---|---|---|
| 999 |
_c524103 _d524103 |
||
| 003 | NUST | ||
| 038 | _awaseem | ||
| 082 |
_a954.914 _bZAM |
||
| 100 |
_aZamin Hussaini, Syed Noor Ali _914926 |
||
| 245 |
_aMaharaf-e-Saraiki / _cSyed Noor Ali Zamin Hussaini |
||
| 260 |
_aMultan : _bSaraiki Adabi Board, _c1972. |
||
| 300 | _a224 p. ; | ||
| 500 | _aHardcover. | ||
| 880 |
_6100-02\r _aسید نور علی ضامن حسینی |
||
| 880 |
_6245-02\r _aمعارفِ سرائیکی / |
||
| 942 |
_2ddc _cBK |
||